| 000 | 01194nam a2200217 a 4500 | ||
|---|---|---|---|
| 999 |
_c7711 _d7711 |
||
| 003 | OSt | ||
| 005 | 20241118130403.0 | ||
| 008 | 130130s2009||||||||||||||||||||||||||||d | ||
| 040 |
_aCDMR _bcat _cCDMR |
||
| 110 | 2 |
_9133 _aCol·legi de Periodistes de Catalunya |
|
| 245 | 0 |
_aCriteris sobre el tractament de les violències masclistes als mitjans de comunicació [Recurs electrònic] _c/ Col·legi de Periodistes de Catalunya i Associació de Dones Periodistes de Catalunya [entitats impulsores] |
|
| 260 |
_a[Barcelona] _b: Col·legi de Periodistes de Catalunya _c, 2022 |
||
| 300 | _a16 pàgines | ||
| 505 | _aActualització de les Recomanacions de 2009. Al final conté un "Recull de recomanacions sobre el tractament de la “violència masclista/de gènere/contra les dones” als mitjans de comunicació a nivell espanyol" | ||
| 650 | 0 |
_93818 _aMitjans de comunicació de massa i dones |
|
| 650 | 0 |
_94838 _aViolència envers les dones en els mitjans de comunicació de massa |
|
| 650 | 0 |
_9983 _aÈtica periodística |
|
| 710 | 2 |
_9855 _aAssociació de Dones Periodistes de Catalunya |
|
| 856 |
_uhttps://omeka.periodistes.cat/items/show/675 _zAccessible en línia |
||
| 942 |
_cRECURS_WEB _2udc |
||